[Event "BCF-chT4 0708 (4NCL)"]
[Site "England"]
[Date "2008.03.15"]
[Round "7.6"]
[White "Jennings, Michael"]
[Black "Griffiths, Hywel"]
[Result "1/2-1/2"]
[WhiteElo "1780"]
[BlackElo "1693"]
[PlyCount "86"]
[EventDate "2007.09.15"]
[EventType "team-swiss"]
[EventRounds "11"]
[EventCountry "ENG"]
[SourceTitle "EXT 2009"]
[Source "ChessBase"]
[SourceDate "2008.11.26"]
[SourceVersion "1"]
[SourceVersionDate "2008.11.26"]
[SourceQuality "1"]
[WhiteTeam "Grendel's Mother"]
[BlackTeam "Wales Old Boys"]
[WhiteTeamCountry "ENG"]
[BlackTeamCountry "WLS"]

1. e4 c5 2. c3 Nc6 3. d4 cxd4 4. cxd4 d6 5. h3 g6 6. Nf3 Bg7 7. Be3 Bd7 8. Nc3 a6 9. Be2 Nf6 10. 0-0 0-0 11. d5 Ne5 12. Nxe5 dxe5 13. Qd2 Ne8 14. Bh6 Rc8 15. Bxg7 Nxg7 16. Bf3 Kh8 17. Rac1 f5 18. Rfe1 f4 19. Ne2 Qb6 20. Kf1 g5 21. Ng1 h5 22. Red1 g4 23. hxg4 hxg4 24. Be2 g3 25. Bf3 Bb5+ 26. Ke1 gxf2+ 27. Qxf2 Qa5+ 28. Qd2 Qxa2 29. Bg4 Rxc1 30. Rxc1 Qb3 31. Qc3 Qa4 32. Qh3+ Kg8 33. Be6+ Nxe6 34. Qxe6+ Kg7 35. Qxe7+ Rf7 36. Qg5+ Kh7 37. Qh5+ Kg7 38. Qxe5+ Kg6 39. Qe6+ Rf6 40. Qg8+ Kh6 41. Qh8+ Kg6 42. Qg8+ Kh6 43. Qh8+ Kg6 1/2-1/2

[Event "BCF-chT4 0708 (4NCL)"]
[Site "England"]
[Date "2007.10.28"]
[Round "1.6"]
[White "Jennings, Michael"]
[Black "Fryer, Kieran M"]
[Result "1-0"]
[WhiteElo "1780"]
[BlackElo "1560"]
[PlyCount "49"]
[EventDate "2007.09.15"]
[EventType "team-swiss"]
[EventRounds "11"]
[EventCountry "ENG"]
[SourceTitle "EXT 2009"]
[Source "ChessBase"]
[SourceDate "2008.11.26"]
[SourceVersion "1"]
[SourceVersionDate "2008.11.26"]
[SourceQuality "1"]
[WhiteTeam "Grendel's Mother"]
[BlackTeam "Sussex Smart Controls"]
[WhiteTeamCountry "ENG"]
[BlackTeamCountry "ENG"]

1. e4 d5 2. exd5 Qxd5 3. Nc3 Qa5 4. d4 c6 5. Nf3 Nf6 6. Bc4 Bg4 7. Bd2 Nbd7 8. Qe2 e6 9. h3 Bxf3 10. Qxf3 Be7 11. 0-0 0-0 12. Bb3 Rab8 13. Bf4 e5 14. dxe5 Nxe5 15. Qe2 Bd6 16. Rad1 Bc7 17. Rd2 Rfe8 18. Qd1 Rbd8 19. Re1 Rxd2 20. Qxd2 Ng6 21. Rxe8+ Nxe8 22. Bxc7 Qxc7 23. Qe3 Nf6 24. Qxa7 Ne5 25. Qa8+ 1-0

[Event "Dallas Amateur op"]
[Site "Dallas"]
[Date "2001.10.27"]
[Round "2.9"]
[White "Jennings, Michael"]
[Black "Lobaugh, Doyle W"]
[Result "1-0"]
[WhiteElo "1758"]
[BlackElo "1629"]
[PlyCount "33"]
[EventDate "2001.10.27"]
[EventType "swiss"]
[EventRounds "5"]
[EventCountry "USA"]
[SourceTitle "EXT 2004"]
[Source "ChessBase"]
[SourceDate "2003.11.25"]
[SourceVersion "1"]
[SourceVersionDate "2003.11.25"]
[SourceQuality "1"]

1. e4 c6 2. d4 d5 3. exd5 cxd5 4. c4 Nf6 5. Nc3 e6 6. Bg5 Be7 7. Nf3 0-0 8. Rc1 dxc4 9. Bxc4 a6 10. Be2 Nc6 11. 0-0 Nd5 12. Bxe7 Qxe7 13. Nxd5 exd5 14. Re1 Qf6 15. Rc5 Qd6 16. Qc2 Bg4 17. Ng5 1-0

[Event "Dallas Amateur op"]
[Site "Dallas"]
[Date "2000.10.28"]
[Round "3"]
[White "Jennings, Michael"]
[Black "Ferriz, Mario A"]
[Result "1-0"]
[WhiteElo "1414"]
[BlackElo "1767"]
[PlyCount "35"]
[EventDate "2000.10.28"]
[EventType "swiss"]
[EventRounds "5"]
[EventCountry "USA"]
[SourceTitle "EXT 2002"]
[Source "ChessBase"]
[SourceDate "2001.11.25"]
[SourceVersion "1"]
[SourceVersionDate "2001.11.25"]
[SourceQuality "1"]

1. d4 e6 2. c4 Nf6 3. Nc3 Bb4 4. Qc2 c5 5. dxc5 Nc6 6. Bg5 h6 7. Bh4 Bxc5 8. Nf3 Be7 9. e3 d5 10. Rd1 Qa5 11. cxd5 exd5 12. Bb5 0-0 13. 0-0 Nb4 14. Qb3 Be6 15. Nd4 g5 16. Bg3 Ne4 17. Nxe4 dxe4 18. Nxe6 1-0